000 00456nam a22001577a 4500
003 OSt
005 20140310182511.0
008 130808t xxu||||| |||| 00| 0 eng d
050 _aQH 323.5
_b.M539 2007
100 _aMendoza, Rose Marie O.
_99012
245 _aIntroductory Biostatistics /
_cRose Marie O. Mendoza.
260 _aPhilippines :
_bBiven Publication,
_cc2007.
300 _a170 p. :
_bill. ;
_c28 cm.
942 _2lcc
_cSSLC
999 _c13909
_d13909